logo

Bir Sreshtho Munshi Abdur Rouf Library
Jhenaidah Cadet College

The prince : (Record no. 10464)

MARC details
000 -LEADER
fixed length control field 00582nam a2200229 a 4500
001 - CONTROL NUMBER
JCCL Control Number 10464
003 - CONTROL NUMBER IDENTIFIER
JCCL marc code BD-JhCC
005 - DATE AND TIME OF LATEST TRANSACTION
control field 20180428181212.0
008 - FIXED-LENGTH DATA ELEMENTS--GENERAL INFORMATION
fixed length control field 180428s1967 usa |||| |||| 000 0 eng d
020 ## - INTERNATIONAL STANDARD BOOK NUMBER
International Standard Book Number 822010933
035 ## - SYSTEM CONTROL NUMBER
system control number (BD-JhCC)1064
040 ## - CATALOGING SOURCE
Original cataloging agency BD-JhCC
Modifying agency BD-JhCC
041 ## - LANGUAGE CODE
Language code of Book eng
082 ## - DEWEY DECIMAL CLASSIFICATION NUMBER
Classification number 320.4
Author mark and Year VER 1967
100 ## - MAIN ENTRY--PERSONAL NAME
Personal name Vergani, Luisa
245 ## - TITLE STATEMENT
Title The prince :
Remainder of title notes /
Statement of responsibility, etc Luisa Vergani,
300 ## - PHYSICAL DESCRIPTION
Pagination 80 p. :
Dimensions 19 cm.
504 ## - BIBLIOGRAPHY, ETC. NOTE
Bibliography, etc Includes Bibliography
650 ## - SUBJECT ADDED ENTRY--TOPICAL TERM
Topical term or geographic name as entry element Principe (Machiavelli, Niccolò)
650 ## - SUBJECT ADDED ENTRY--TOPICAL TERM
Topical term or geographic name as entry element Political science
942 ## - ADDED ENTRY ELEMENTS (KOHA)
Source of classification or shelving scheme Dewey Decimal Classification
Koha item type Books
Holdings
Source of classification or shelving scheme Damaged status Not for loan Home library Current library Shelving location Date of accession Cost, normal purchase price Total Checkouts Full call number Barcode Date last seen Copy number Koha item type
Dewey Decimal Classification     JCC Rouf Library JCC Rouf Library General Stacks 04/28/2018 1.00   320.4 VER 1967 13965 04/28/2018 C-1 Books
Dewey Decimal Classification     JCC Rouf Library JCC Rouf Library General Stacks 04/28/2018 1.00   320.4 VER 1967 13964 04/28/2018 C-2 Books
Dewey Decimal Classification     JCC Rouf Library JCC Rouf Library General Stacks 04/28/2018 1.00   320.4 VER 1967 13963 04/28/2018 C-3 Books
Dewey Decimal Classification     JCC Rouf Library JCC Rouf Library General Stacks 04/28/2018 1.00   320.4 VER 1967 13962 04/28/2018 C-4 Books
Dewey Decimal Classification     JCC Rouf Library JCC Rouf Library General Stacks 04/28/2018 1.00   320.4 VER 1967 13961 04/28/2018 C-5 Books

JCC Library | Contacts | JCC Home

Last Update on 23 September 2017
Copyright @ 2017-2020 JCC Rouf Library
Rouf Library, Jhenidah Cadet College (JCC), Bangladesh